Carabao Cup Winners - Statistics

General Stats
  • This quiz has been taken 182 times
  • The average score is 26 of 33
Answer Stats
Hint Answer % Correct
2024 Liverpool
99%
2022 Liverpool
99%
2012 Liverpool
99%
2003 Liverpool
99%
2001 Liverpool
99%
1995 Liverpool
99%
2015 Chelsea
96%
2007 Chelsea
96%
2005 Chelsea
96%
1998 Chelsea
96%
1993 Arsenal
94%
2008 Tottenham Hotspur
91%
1999 Tottenham Hotspur
91%
2021 Man City
88%
2020 Man City
88%
2019 Man City
88%
2018 Man City
88%
2016 Man City
88%
2014 Man City
88%
1996 Aston Villa
70%
1994 Aston Villa
70%
2023 Man United
70%
2017 Man United
70%
2010 Man United
70%
2009 Man United
70%
2006 Man United
70%
1992 Man United
70%
2000 Leicester City
63%
1997 Leicester City
63%
2002 Blackburn Rovers
59%
2013 Swansea City
43%
2011 Birmingham City
40%
2004 Middlesbrough
30%
No matching quizzes found
Score Distribution
Percent of People with Each Score
Percentile by Number Answered
Your Score History
You have not taken this quiz